Word Pyramids II Quiz Stats

Quiz Updated Mar 30, 2016

Also try: Word Laddyrinth 3D
Challenge
Share
Tweet
Embed
Score 0/49 Timer 06:00
2 Plays Today
pyramid# word % Correct
1o
96.3%
1one
81.6%
1on
80.9%
2a
78%
3i
72.9%
5e
71.8%
4a
69.4%
3it
66.8%
3fit
66.7%
1zone
66.1%
1ozone
65.9%
4ad
65.8%
6a
64.9%
2aid
64.2%
7a
64.2%
7beast
64%
8i
63.8%
8in
63.6%
6pa
63.6%
7bat
63.6%
6planet
63.3%
6pan
63.1%
7beat
62.9%
6plant
62.8%
7at
62.6%
pyramid# word % Correct
6plan
62.5%
7breast
62.5%
2ai
62%
2aide
59.7%
3flint
58.7%
8sing
57.2%
8sin
56.9%
8sting
55.8%
7abreast
55.6%
8string
55%
3flit
54.6%
5ale
54.2%
4paid
51.2%
5ae
51.1%
8staring
50.9%
4plaid
50.5%
4pad
50.4%
8starling
47%
8startling
46.2%
4placid
44.9%
5able
30.7%
5tablet
30.3%
5table
29.9%
2azide
18.4%

You're not logged in!

Compare scores with friends on all Sporcle quizzes.
Join for Free
OR
Log In

You Might Also Like...

Show Comments

Extras

Top Quizzes Today


Score Distribution

Your Account Isn't Verified!

In order to create a playlist on Sporcle, you need to verify the email address you used during registration. Go to your Sporcle Settings to finish the process.

Report this User

Report this user for behavior that violates our Community Guidelines.

Details: